| 000 | 00572nam a2200205 i 4500 | ||
|---|---|---|---|
| 001 | bg | ||
| 100 | 1 | _aStankiewicz, Włodzimierz. | |
| 245 | 1 | 0 |
_aZadania z matematyki dla wyższych uczelni technicznych. _nCz. 2 / _cWłodzimierz Stankiewicz, Jacek Wojtowicz. |
| 250 | _aWyd.4. | ||
| 260 |
_aWarszawa, _c1978. |
||
| 650 | 9 | _aMatematyka | |
| 655 | _aĆwiczenia i zadania dla szkół wyższych | ||
| 700 | 1 | _aWojtowicz, Jacek. | |
| 040 | _cBPK | ||
| 041 | _apol | ||
| 080 | _a51 | ||
| 080 | _a(075.8+076) | ||
| 942 | _cKS | ||
| 008 | s pl f |000 0 pol | ||
| 999 |
_c1504 _d1504 |
||
| 856 |
_uhttp://koha.tu.koszalin.pl/cgi-bin/koha/opac-detail.pl?biblionumber=1504 _yKatalog online BPK |
||